Culture Générale - Série 1616 - Statistiques

Statistiques générales
  • Ce quiz a été pris 165 fois
  • Le résultat moyen est 6 sur 10
Statistiques - réponses
Question Réponse % Correct
Quelle est la plus grande ville des Etats Unis ? New York
89%
"Apprenez que tout flatteur vit aux dépens de celui qui l'écoute" . De quelle fable de La Fontaine est issue cette morale ? Le corbeau et le renard
84%
Qui a écrit "L'écume des jours" ? Boris Vian
75%
Quelle est la planète la plus éloignée du système solaire ? Neptune
69%
Quelle est la ville la plus visitée du monde ? Londres
61%
L'acide acétylsalicylique et plus connu sous le nom de ... aspirine
53%
Où vivait Diogène ? tonneau
49%
Qui est l'auteur des "Aventures de Tom Sawyer" ? Mark Twain
39%
Quel est le principal producteur de châtaignes au monde ? Chine
31%
La personne qui guide un attelage de chiens de traîneau est un ... musher
26%
Aucun quiz correspondant
Distribution des résultats
% des personnes avec chaque résultat
Percentile par nombre de réponses
Votre historique - résultats
Vous n’avez pas pris ce quiz